000 00464nam a22001457a 4500
003 OSt
008 250903b |||||||| |||| 00| 0 eng d
041 _amal
082 _a616
_bSAD/RO
100 _aSadasivan, G
_97828
245 _aRogangal: lakshanangalum prathividhikalum /
_bരോഗങ്ങള്‍: ലക്ഷണങ്ങളും പ്രതിവിധികളും
260 _aKayamkulam :
_bSithara Books,
650 _aHealth
_97829
942 _cBK
999 _c19513
_d19513